World's Biggest "Baltimores" - Statistics

General Stats
  • This quiz has been taken 4 times
  • The average score is 3 of 25
Answer Stats
Larger City Smaller City % Correct
Cairo Giza
75%
Shenzhen Hong Kong
75%
Tokyo Yokohama
75%
Seoul Incheon
50%
Johannesburg Pretoria
50%
Jakarta Bekasi
0%
Suzhou Changshu
0%
Wuxi Changzhou
0%
Shantou Chaozhou
0%
Jakarta Depok
0%
Guangzhou Dongguan
0%
Mexico City Ecatepec de Morelos
0%
Guangzhou Foshan
0%
Foshan Jiangmen
0%
Wuxi Jiangyin
0%
Shantou Jieyang
0%
Shanghai Kunshan
0%
Hangzhou Shaoxing
0%
Johannesburg Soweto
0%
Jinan Tai'an
0%
Jakarta Tangerang
0%
Suzhou Wuxi
0%
Taizhou Yangzhou
0%
Yunfu Zhaoqing
0%
Zhongshan Zhuhai
0%
No matching quizzes found
Score Distribution
Percent of People with Each Score
Percentile by Number Answered
Your Score History
You have not taken this quiz